World's Best Ghost Towns Quiz Stats

 Plays Quiz not verified by Sporcle

Challenge
Share
Tweet
Embed
Score 0/10 Timer 03:00
0 Plays Today
Ghost Town Country % Correct
BhangarhIndia
62.1%
HerculaneumItaly
58.6%
BodieUnited States
51.7%
St. ElmoUnited States
48.3%
Chaco CanyonUnited States
48.3%
Humberstone & Santa LauraChile
34.5%
KayakoyTurkey
34.5%
PyramidenNorway
31%
BelchiteSpain
27.6%
KolmanskopNamibia
27.6%

You're not logged in!

Compare scores with friends on all Sporcle quizzes.
OR
Log In

You Might Also Like...

Show Comments

Extras

Top Quizzes Today


Score Distribution

Your Account Isn't Verified!

In order to create a playlist on Sporcle, you need to verify the email address you used during registration. Go to your Sporcle Settings to finish the process.

Report this User

Report this user for behavior that violates our Community Guidelines.

Details: